Państwa, które mają dostęp do morza od południa - Statystyki

Ogólne statystyki
  • Ten quiz został rozwiązany 233 razy
  • Średni wynik to 60 z 96
Statystyki odpowiedzi
Morze Państwo % Poprawnych
Wielka Zatoka Australijska Australia
88%
Morze Lakkadiwskie Indie
88%
Zatoka Meksykańska Stany Zjednoczone
88%
Ocean Atlantycki / Morze Śródziemne Hiszpania
87%
Morze Śródziemne Włochy
85%
Morze Filipińskie Japonia
84%
Ocean Indyjski / Ocean Atlantycki Południowa Afryka
84%
Morze Południowochińskie Chiny
82%
Morze Śródziemne Grecja
81%
Ocean Indyjski / Morze Timor / Morze Arafura Indonezja
79%
Ocean Spokojny Nowa Zelandia
79%
Morze Arabskie Oman
79%
Ocean Spokojny Chile
78%
Zatoka Adeńska Jemen
78%
Morze Karaibskie Kuba
78%
Morze Śródziemne Turcja
78%
Morze Bałtyckie Finlandia
77%
Morze Śródziemne Francja
77%
Ocean Spokojny Meksyk
77%
Ocean Atlantycki Portugalia
77%
Morze Bałtyckie Szwecja
77%
Kanał La Manche Wielka Brytania
76%
Skagerrak Norwegia
75%
Morze Śródziemne Chorwacja
74%
Morze Karaibskie Dominika
74%
Morze Karaibskie Haiti
73%
Morze Śródziemne Malta
73%
Zatoka Perska Iran
72%
Morze Celtyckie Irlandia
72%
Morze Wschodniochińskie Korea Południowa
71%
Ocean Indyjski Madagaskar
71%
Morze Śródziemne Cypr
70%
Morze Karaibskie Dominikana
70%
Ocean Atlantycki Islandia
70%
Morze Celebes Filipiny
68%
Morze Bałtyckie Dania
67%
Morze Południowochińskie Tajlandia
66%
Morze Arabskie Pakistan
65%
Ocean Indyjski Sri Lanka
65%
Morze Czarne Ukraina
65%
Ocean Atlantycki Bahamy
64%
Morze Karaibskie Jamajka
64%
Morze Południowochińskie Wietnam
64%
Morze Karaibskie Saint Lucia
63%
Morze Karaibskie Antigua i Barbuda
62%
Zatoka Bengalska Bangladesz
62%
Morze Śródziemne Monako
62%
Cieśnina Malakka Malezja
61%
Zatoka Gwinejska Togo
61%
Zatoka Gwinejska Benin
59%
Ocean Spokojny Fidżi
59%
Ocean Spokojny Nauru
59%
Morze Karaibskie Saint Kitts i Nevis
59%
Morze Południowochińskie Tajwan
59%
Ocean Spokojny Palau
58%
Ocean Spokojny Panama
58%
Morze Koralowe Papua-Nowa Gwinea
58%
Morze Karaibskie Saint Vincent i Grenadyny
58%
Morze Andamańskie Mjanma
57%
Ocean Spokojny Tuvalu
57%
Zatoka Gwinejska Ghana
56%
Ocean Indyjski Seszele
56%
Ocean Spokojny / Morze Koralowe Vanuatu
56%
Ocean Spokojny Wyspy Marshalla
56%
Ocean Atlantycki Barbados
55%
Ocean Spokojny Mikronezja
55%
Cieśnina Malakka Singapur
55%
Ocean Indyjski Somalia
55%
Morze Karaibskie Grenada
54%
Ocean Spokojny Kiribati
54%
Morze Śródziemne Bośnia i Hercegowina
53%
Morze Południowochińskie Kambodża
53%
Ocean Indyjski Malediwy
53%
Ocean Atlantycki Trynidad i Tobago
53%
Morze Koralowe Wyspy Salomona
53%
Zatoka Gwinejska Wybrzeże Kości Słoniowej
52%
Ocean Spokojny Samoa
51%
Morze Śródziemne Czarnogóra
49%
Kanał Mozambicki Komory
49%
Ocean Indyjski Mauritius
49%
Morze Timor Timor Wschodni
49%
Ocean Atlantycki Liberia
48%
Zatoka Gwinejska Nigeria
48%
Ocean Spokojny Tonga
48%
Ocean Atlantycki Republika Zielonego Przylądka
47%
Ocean Atlantycki Wyspy Świętego Tomasza i Książęca
47%
Ocean Spokojny Kostaryka
46%
Ocean Indyjski Mozambik
46%
Zatoka Perska Bahrajn
44%
Ocean Spokojny Peru
44%
Ocean Atlantycki Sierra Leone
44%
Ocean Spokojny Honduras
42%
Ocean Atlantycki Urugwaj
42%
Ocean Spokojny Salwador
41%
Morze Czerwone Izrael
40%
Ocean Spokojny Gwatemala
39%
Nie znaleziono quizów pasujących do podanych kryteriów
Rozkład punktacji
Procent ludzi z każdym wynikiem
Percentyl według liczby udzielonych odpowiedzi
Twoja historia wyników
Nie rozwiązałeś tego quizu